[Event "27th Hoogeveen Open 2024"]
[Site "Hoogeveen NED"]
[Date "2024.11.01"]
[Round "8.7"]
[White "Brunello, Sabino"]
[Black "Kukushkin, Ivan"]
[Result "1-0"]
[WhiteTitle "GM"]
[WhiteElo "2514"]
[BlackElo "2084"]
[WhiteFideId "813613"]
[BlackFideId "11634103"]
[EventDate "2024.10.26"]

1. Nf3 Nf6 2. c4 e6 3. b3 d5 4. Bb2 b6 5. e3 Bb7 6. Nc3 Nbd7 7. Rc1 Bd6 8. cxd5
Bxd5 9. Nxd5 exd5 10. Nd4 c5 11. Nf5 Bf8 12. Bb5 a6 13. Bxd7+ Qxd7 14. Qf3 Ne4
15. Bxg7 Rg8 16. Bxf8 Kxf8 17. d3 Ng5 18. Qf4 Rg6 19. Nh4 Rg7 20. Nf5 Rg6 21. g4
Re8 22. Kd2 Ne6 23. Qf3 Rd8 24. Rhd1 a5 25. h4 b5 26. g5 b4 27. Ke1 f6 28. Nh6
Kg7 29. Ng4 fxg5 30. Ne5 Qc7 31. Nxg6 hxg6 32. hxg5 Nxg5 33. Qg4 Qe7 34. d4 Rf8
35. Rxc5 Rf7 36. Rxd5 Qf6 37. f4 Ne4 38. Re5 Qc6 39. Qg2 Qc3+ 40. Kf1 Nf6 41.
Qd2 Qc6 42. d5 Qd7 43. Re6 Ng4 44. Kg2 Rf5 45. Kg3 Nf6 46. Qd4 Kf7 47. Rxf6+
Rxf6 48. Rh1 Kg7 49. e4 Qc7 50. e5 Rf5 51. e6+ Rf6 52. d6 Qb7 53. Re1 g5 54. e7
gxf4+ 55. Kf2 Qc6 56. e8=N+ 1-0

[Event "27th Hoogeveen Open 2024"]
[Site "Hoogeveen NED"]
[Date "2024.11.01"]
[Round "8.8"]
[White "Boeren, Jurriaan"]
[Black "Maatman, Nick"]
[Result "0-1"]
[BlackTitle "IM"]
[WhiteElo "2159"]
[BlackElo "2382"]
[WhiteFideId "1067478"]
[BlackFideId "1040391"]
[EventDate "2024.10.26"]

1. e4 c5 2. Nf3 d6 3. d4 cxd4 4. Nxd4 Nf6 5. Nc3 a6 6. Rg1 g6 7. g4 Bg7 8. g5
Nfd7 9. h4 Nc6 10. Be3 h6 11. h5 gxh5 12. g6 Nf6 13. gxf7+ Kf8 14. Nxc6 bxc6 15.
Bc4 Qa5 16. f3 d5 17. Bb3 Be6 18. Qd2 Bxf7 19. O-O-O Rd8 20. Qf2 Qc7 21. Kb1 Rd7
22. exd5 cxd5 23. Ba4 Rd6 24. Bf4 Qb6 25. Qg3 Ne8 26. Bxd6 Bxc3 27. Ba3 Bf6 28.
Bb3 Nc7 29. Qf4 Nb5 30. Bb4 Nd4 31. Ba3 Nb5 32. Qb4 a5 33. Qc5 Nxa3+ 34. Qxa3
Rg8 35. Rxg8+ Kxg8 36. Qa4 Qe3 37. Qxa5 Qxf3 38. Rg1+ Kh7 39. Qa6 h4 40. Qd3+
Qxd3 41. cxd3 h3 42. Bd1 h2 43. Rf1 Kg6 44. Bf3 Kg5 45. Bh1 Bh5 46. Rf2 Be5 47.
Kc2 e6 48. a4 Bg3 49. Rf1 Be2 50. Rf8 Bf4 51. a5 Kg4 52. a6 Bf3 53. a7 Bxh1 54.
a8=Q Bf3 55. Qa4 e5 56. Rg8+ Kh4 57. Rf8 h1=Q 58. Rxf4+ exf4 59. Qxf4+ Kh3 60.
Qxh6+ Kg3 61. Qg5+ Kf2 62. Qd2+ Be2 63. Qf4+ Qf3 64. Qh2+ Kf1 65. Qh7 d4 66. Qg6
Bd1+ 67. Kc1 Bb3 0-1

[Event "27th Hoogeveen Open 2024"]
[Site "Hoogeveen NED"]
[Date "2024.11.01"]
[Round "8.9"]
[White "Duijker, Rick"]
[Black "Plukkel, Sjoerd"]
[Result "1/2-1/2"]
[WhiteTitle "FM"]
[BlackTitle "FM"]
[WhiteElo "2154"]
[BlackElo "2210"]
[WhiteFideId "1010565"]
[BlackFideId "1008676"]
[EventDate "2024.10.26"]

1. e4 c5 2. Nf3 Nc6 3. d4 cxd4 4. c3 dxc3 5. Nxc3 g6 6. Bc4 Bg7 7. O-O d6 8. e5
Nxe5 9. Nxe5 Bxe5 10. Qb3 e6 11. Re1 Bd7 12. Rxe5 dxe5 13. Be3 Rc8 14. Rd1 Nf6
15. Bg5 h6 16. Rxd7 Kxd7 17. Qb5+ Ke7 18. Qxb7+ Rc7 19. Qb4+ Ke8 20. Bb5+ Rd7
21. Bxf6 Qxf6 22. Qd6 Qe7 23. Qxe5 Rg8 24. Ne4 Kf8 25. Bxd7 Qxd7 26. Qb8+ Ke7
27. Qb4+ Kd8 28. Qb8+ Ke7 29. Qb4+ Kd8 30. Qb8+ 1/2-1/2

[Event "27th Hoogeveen Open 2024"]
[Site "Hoogeveen NED"]
[Date "2024.11.01"]
[Round "8.10"]
[White "Mostertman, Milan"]
[Black "Govoreanu, Matei"]
[Result "1-0"]
[WhiteTitle "FM"]
[WhiteElo "2201"]
[BlackElo "2142"]
[WhiteFideId "1025848"]
[BlackFideId "258059"]
[EventDate "2024.10.26"]

1. e4 c5 2. Nf3 Nc6 3. d4 cxd4 4. Nxd4 e5 5. Nb5 d6 6. N1c3 a6 7. Na3 Be7 8. Nc4
b5 9. Ne3 Nf6 10. Bd3 O-O 11. O-O Rb8 12. b3 b4 13. Ncd5 Nxd5 14. Nxd5 Bg5 15.
Bb2 Ne7 16. Bc4 Kh8 17. c3 Nxd5 18. Bxd5 f5 19. Qd3 f4 20. Qf3 Qe8 21. cxb4 Qg6
22. Bc4 Bd8 23. h3 Bb7 24. Rfe1 Bb6 25. Rad1 Rbc8 26. Re2 Rf6 27. Bd5 Bxd5 28.
Rxd5 Qg3 29. Kh1 Qh4 30. Qg4 Qxg4 31. hxg4 Rh6+ 32. Kg1 Bd4 33. g5 Rh5 34. Rxd6
Bxb2 35. Rc2 Rb8 36. Rxb2 Rxg5 37. Rbd2 h6 38. Rd8+ Rxd8 39. Rxd8+ Kh7 40. Kf1
Rg6 41. Rd5 Re6 42. a4 g5 43. a5 g4 44. b5 axb5 45. b4 g3 46. Rxb5 Rc6 47. Rb7+
Kh8 48. fxg3 fxg3 49. b5 Rc1+ 50. Ke2 Rc2+ 51. Kf3 Rc3+ 52. Kg4 h5+ 53. Kxh5 Rf3
54. gxf3 g2 55. Kh6 Kg8 56. Rg7+ Kh8 57. f4 1-0

[Event "27th Hoogeveen Open 2024"]
[Site "Hoogeveen NED"]
[Date "2024.11.01"]
[Round "8.11"]
[White "Terlouw, Wouter"]
[Black "De Wit, Michel"]
[Result "0-1"]
[WhiteTitle "CM"]
[BlackTitle "FM"]
[WhiteElo "2198"]
[BlackElo "2108"]
[WhiteFideId "1087401"]
[BlackFideId "1002210"]
[EventDate "2024.10.26"]

1. d4 Nf6 2. c4 e6 3. g3 d5 4. Bg2 c5 5. Nf3 dxc4 6. O-O Nc6 7. Ne5 Nxe5 8. dxe5
Qxd1 9. Rxd1 Nd5 10. Nc3 Nxc3 11. bxc3 Be7 12. Rb1 Rb8 13. Bc6+ Kf8 14. Be3 f6
15. Bxc5 Kf7 16. Bd6 Bxd6 17. Rxd6 Ke7 18. Bb5 fxe5 19. Rbd1 b6 20. Bxc4 Rb7 21.
Bb5 Rc7 22. c4 Kf6 23. f3 Bb7 24. Rd7 Rhc8 25. R1d6 a6 26. Rxc7 Rxc7 27. Ba4
Rxc4 28. Bb3 Rc6 29. Rd7 Bc8 30. Ra7 Rd6 31. Rc7 Bd7 32. Bc4 Rd1+ 33. Kf2 Rc1
34. g4 Ke7 35. Ke3 b5 36. Ra7 Rxc4 37. Rxa6 Ra4 38. Rb6 Rxa2 39. h4 Ra4 40. Rb8
h5 41. Rg8 Kf7 42. Rd8 Be8 43. g5 Rxh4 44. g6+ Ke7 0-1

[Event "27th Hoogeveen Open 2024"]
[Site "Hoogeveen NED"]
[Date "2024.11.01"]
[Round "8.12"]
[White "Duson, Robin"]
[Black "Ten Dam, Bram"]
[Result "1-0"]
[WhiteElo "2177"]
[BlackElo "2006"]
[WhiteFideId "1055038"]
[BlackFideId "40104877"]
[EventDate "2024.10.26"]

1. d4 d5 2. c4 c6 3. Nf3 Nf6 4. e3 e6 5. b3 Nbd7 6. Bd3 Bd6 7. Bb2 O-O 8. Nbd2
Re8 9. Ne5 dxc4 10. bxc4 Nxe5 11. dxe5 Bxe5 12. Bxh7+ Nxh7 13. Bxe5 Qa5 14. Bb2
e5 15. Qc2 e4 16. O-O Qf5 17. Qc3 Qg6 18. Kh1 f5 19. f3 Nf6 20. fxe4 fxe4 21.
Rf4 Bd7 22. Raf1 Rf8 23. Qb4 Nh7 24. Qxb7 Rfb8 25. Qxd7 Rxb2 26. R1f2 Rxa2 27.
h3 Rb2 28. Rg4 Nf6 29. Qe6+ Qf7 30. Qxc6 Rf8 31. Rgf4 Qe8 32. Qc5 Rf7 33. Qd4
Rb8 34. c5 Rd8 35. Qc4 Kh8 36. Nxe4 Nxe4 37. Rh4+ Kg8 38. Rxe4 Qxe4 39. Qxf7+
Kh8 40. Rf5 Qb1+ 41. Kh2 Qb8+ 42. Rf4 Rc8 43. Qh5+ Kg8 44. Qd5+ Kh7 45. Qd6 Qxd6
46. cxd6 Rd8 47. Rd4 Kg6 48. Kg3 Kf5 49. Rd5+ Ke6 50. Ra5 Rd7 51. Ra6 Ke5 52.
Kg4 1-0

[Event "27th Hoogeveen Open 2024"]
[Site "Hoogeveen NED"]
[Date "2024.11.01"]
[Round "8.13"]
[White "Schuricht, Emil Frederick"]
[Black "Aravindhan, Achyuth"]
[Result "1-0"]
[BlackTitle "CM"]
[WhiteElo "2145"]
[BlackElo "2173"]
[WhiteFideId "16270185"]
[BlackFideId "1084216"]
[EventDate "2024.10.26"]

1. d4 Nf6 2. c4 g6 3. Nc3 Bg7 4. e4 d6 5. Nf3 O-O 6. Be2 e5 7. O-O Nc6 8. d5 Ne7
9. b4 a5 10. Ba3 b6 11. bxa5 Rxa5 12. Bb4 Ra8 13. a4 Ne8 14. h3 Kh8 15. Ra3 f5
16. a5 bxa5 17. Bxa5 Ng8 18. Qa1 fxe4 19. Nxe4 Ngf6 20. Nfd2 Nxe4 21. Nxe4 Bf5
22. Bf3 Bxe4 23. Bxe4 Qh4 24. f3 Rc8 25. Be1 Qf4 26. Bf2 Nf6 27. Re1 Nh5 28. Ra7
Qg5 29. h4 Qf6 30. Qa5 g5 31. g4 Nf4 32. h5 Nh3+ 33. Kg2 Nf4+ 34. Kf1 Rb8 35.
Qc3 Nh3 36. Be3 Ra8 37. Rea1 Rxa7 38. Rxa7 Qe7 39. Qa5 Rc8 40. Bf5 Rb8 41. h6
Qf6 42. Qxc7 Rb1+ 43. Ke2 Nf4+ 44. Bxf4 Rb2+ 45. Bd2 Qxh6 46. Ra8+ Bf8 47. Rxf8+ 1-0

[Event "27th Hoogeveen Open 2024"]
[Site "Hoogeveen NED"]
[Date "2024.11.01"]
[Round "8.14"]
[White "Kovalskyi, Roman"]
[Black "Van Helvoort, Rob"]
[Result "1-0"]
[WhiteElo "2124"]
[BlackElo "2164"]
[WhiteFideId "14184214"]
[BlackFideId "1005596"]
[EventDate "2024.10.26"]

1. e4 e6 2. d4 d5 3. e5 c5 4. c3 Nc6 5. Nf3 Nge7 6. Na3 cxd4 7. cxd4 Nf5 8. Nc2
Be7 9. Bd3 O-O 10. g4 Nh4 11. Nxh4 Bxh4 12. g5 Bxg5 13. Qh5 h6 14. Rg1 Bxc1 15.
Rxc1 f5 16. Qxh6 Rf7 17. Rg3 Kf8 18. Qh7 Ne7 19. Qh8+ Ng8 20. Rg6 Bd7 21. h4 Ke7
22. Rxg7 Qf8 23. Rxf7+ Qxf7 24. Ke2 Be8 25. Kd2 Qg6 26. Ne3 Rd8 27. h5 Qg5 28.
f4 Qg3 29. Qh7+ Kf8 30. Rc7 Rb8 31. Bb5 Qf2+ 32. Be2 Qg3 33. h6 Qg6 34. Qg7+
Qxg7 35. hxg7# 1-0

[Event "27th Hoogeveen Open 2024"]
[Site "Hoogeveen NED"]
[Date "2024.11.01"]
[Round "8.15"]
[White "Arnold, Rhys"]
[Black "Madularea, David"]
[Result "1/2-1/2"]
[WhiteElo "2312"]
[BlackElo "2151"]
[WhiteFideId "1068849"]
[BlackFideId "1070215"]
[EventDate "2024.10.26"]

1. e4 e5 2. Nf3 Nc6 3. Bb5 a6 4. Ba4 Nf6 5. O-O Be7 6. Re1 b5 7. Bb3 O-O 8. a4
d5 9. exd5 Na5 10. Nxe5 Nxb3 11. cxb3 Bb7 12. Nc6 Bxc6 13. dxc6 Bc5 14. d3 Bxf2+
15. Kxf2 Qd4+ 16. Kg3 Rae8 17. Rf1 Re3+ 18. Bxe3 Qxe3+ 19. Qf3 Qg5+ 20. Kf2 Qc5+
21. Ke2 Qc2+ 22. Nd2 Re8+ 23. Kf2 Qc5+ 24. Kg3 Qg5+ 25. Kf2 Qc5+ 26. Kg3 Qg5+
27. Kf2 1/2-1/2

[Event "27th Hoogeveen Open 2024"]
[Site "Hoogeveen NED"]
[Date "2024.11.01"]
[Round "8.16"]
[White "Nissinen, Niilo Man"]
[Black "Van Zutphen, Jimmy"]
[Result "1-0"]
[WhiteTitle "CM"]
[WhiteElo "2204"]
[BlackElo "2125"]
[WhiteFideId "30950767"]
[BlackFideId "1013890"]
[EventDate "2024.10.26"]

1. e4 c5 2. Nf3 Nc6 3. Bb5 g6 4. Bxc6 dxc6 5. d3 Bg7 6. h3 Nf6 7. Nc3 Nd7 8. Be3
e5 9. Qd2 h6 10. O-O Qe7 11. Nh2 Nf8 12. f4 exf4 13. Bxf4 Ne6 14. Bg3 O-O 15. e5
Nd4 16. Rae1 Bf5 17. Ne4 Bxe4 18. Rxe4 Nf5 19. Bf4 Kh7 20. Ng4 Rad8 21. Qc3 Rd4
22. Nf6+ Kh8 23. Rxd4 Nxd4 24. Qd2 h5 25. Re1 Qe6 26. c3 Nf5 27. Bg5 Ne7 28. g4
Ng8 29. gxh5 Qxh3 30. Re2 Qg3+ 31. Rg2 Qxe5 32. Nd7 Qf5 33. Nxf8 Bxf8 34. hxg6
fxg6 35. Rh2+ Kg7 36. Bh6+ Nxh6 37. Qxh6+ Kf7 38. Qh7+ Ke8 39. Re2+ Kd8 40. Qh4+
g5 41. Qe4 Qxe4 42. dxe4 Ke7 43. Rg2 Bh6 44. Rh2 Bg7 45. Rh7 Kf8 46. e5 Bxe5 47.
Rxb7 Bf4 48. Rxa7 c4 49. Rb7 Bd6 50. a4 1-0

[Event "27th Hoogeveen Open 2024"]
[Site "Hoogeveen NED"]
[Date "2024.11.01"]
[Round "8.17"]
[White "Grooten, Tommy"]
[Black "Bakija, Alan"]
[Result "1/2-1/2"]
[WhiteElo "2067"]
[BlackElo "2192"]
[WhiteFideId "1068806"]
[BlackFideId "1068016"]
[EventDate "2024.10.26"]

1. d4 d5 2. c4 c6 3. Nf3 Nf6 4. Nc3 dxc4 5. a4 Bf5 6. e3 e6 7. Bxc4 Bb4 8. O-O
O-O 9. Qe2 Bg6 10. Ne5 Nbd7 11. Nxg6 hxg6 12. Rd1 Qc7 13. e4 e5 14. Na2 Bd6 15.
d5 cxd5 16. Bxd5 Nxd5 17. Rxd5 Nb6 18. Rd1 Nxa4 19. Be3 Rfd8 20. Rac1 Qe7 21.
Qb5 Qd7 22. Qxd7 Rxd7 23. b3 Nb6 24. Bxb6 axb6 25. Nc3 Rc7 26. Na4 Rxc1 27. Rxc1
Bc5 28. g3 Bd4 29. Rc7 Ra5 30. Nc3 Ra3 31. Nb5 Ra1+ 32. Kg2 Bc5 33. Rxb7 Rb1 34.
Na7 Rxb3 35. Nc6 Rb2 36. Nxe5 Rxf2+ 37. Kh3 Bd4 38. Nc6 Be3 39. Ne7+ Kh7 40. Nd5
Bd4 41. Rb8 Rb2 42. Rb7 f6 43. Nf4 f5 44. Ne6 Bg1 45. g4 fxg4+ 46. Kxg4 Rg2+ 47.
Kf3 Rxh2 48. Rxg7+ Kh6 49. Rg8 Kh7 50. Rg7+ Kh6 1/2-1/2

[Event "27th Hoogeveen Open 2024"]
[Site "Hoogeveen NED"]
[Date "2024.11.01"]
[Round "8.18"]
[White "Yasmo, Daniil"]
[Black "Emans, Job"]
[Result "0-1"]
[WhiteElo "2156"]
[BlackElo "2118"]
[WhiteFideId "14199165"]
[BlackFideId "1051393"]
[EventDate "2024.10.26"]

1. d4 Nf6 2. Nf3 e6 3. Bf4 d5 4. e3 Be7 5. Nbd2 O-O 6. Bd3 b6 7. Ne5 c5 8. Qf3
Ba6 9. c4 cxd4 10. exd4 Bb4 11. Rd1 Qc8 12. Bg5 Ne4 13. Bxe4 dxe4 14. Qxe4 Bb7
15. Qg4 f6 16. Bh6 Qc7 17. Qxe6+ Kh8 18. Nd3 Na6 19. Bf4 Rae8 20. Bxc7 Rxe6+ 21.
Kf1 Bxd2 22. d5 Re4 23. Bg3 Bh6 24. b3 Rfe8 25. f3 Re2 26. Re1 Rxe1+ 27. Bxe1
Bc8 28. Kf2 Bf5 29. Nb4 Nc5 30. g4 Bd7 31. Bc3 a5 32. Nc2 Bf4 33. Bd4 Nd3+ 34.
Kf1 Nc5 35. h3 Kg8 36. Kf2 Nd3+ 37. Kf1 Nc5 38. Kf2 Kf7 39. Rb1 Bd6 40. a3 Nd3+
41. Kf1 Bc5 42. b4 axb4 43. axb4 Bxd4 44. Nxd4 Rc8 45. c5 bxc5 46. bxc5 Rxc5 47.
d6 Rd5 48. Rb7 Nc5 49. Rc7 Rxd4 50. Rxc5 Rxd6 51. Ke2 Ra6 52. h4 Ra3 53. h5 h6
54. Kf2 Ke7 55. Rc1 f5 56. gxf5 Bxf5 57. Kg3 Kf6 58. Rc6+ Be6 59. Rb6 Ra5 60.
Kh4 Ra1 61. Rb5 Rh1+ 62. Kg3 Rg1+ 63. Kh4 Rg5 64. Rb6 Rf5 65. Rb8 Rxf3 66. Rf8+
Bf7 67. Ra8 Rf4+ 68. Kg3 Rf5 69. Ra6+ Kg5 0-1

[Event "27th Hoogeveen Open 2024"]
[Site "Hoogeveen NED"]
[Date "2024.11.01"]
[Round "8.20"]
[White "De Jong, Migchiel"]
[Black "Zecha, Oscar"]
[Result "1-0"]
[WhiteTitle "IM"]
[WhiteElo "2288"]
[BlackElo "2097"]
[WhiteFideId "1002848"]
[BlackFideId "1073826"]
[EventDate "2024.10.26"]

1. Nf3 Nf6 2. b3 d5 3. Bb2 e6 4. e3 Be7 5. d4 O-O 6. Bd3 c5 7. O-O Nc6 8. Nbd2
Re8 9. Ne5 Nxe5 10. dxe5 Nd7 11. f4 Qb6 12. c4 dxc4 13. Nxc4 Qc7 14. Nd6 Bxd6
15. exd6 Qd8 16. Qh5 h6 17. Rf3 Nf6 18. Qxc5 b6 19. Qd4 Bb7 20. Rg3 Kh8 21. Rd1
Rg8 22. Bb1 Rc8 23. e4 Rc5 24. b4 Rh5 25. Rc1 Ne8 26. e5 g6 27. h3 Ng7 28. Rc7
Qh4 29. Kh2 Bd5 30. Rxf7 Nf5 31. Bxf5 gxf5 32. Qf2 Bxg2 33. Rxg8+ Kxg8 34. Qxh4
Rxh4 35. d7 Rxh3+ 36. Kxg2 Rd3 37. Re7 Kf8 38. Re8+ Kf7 39. d8=Q Rxd8 40. Rxd8
b5 41. Rd7+ Kg6 42. Re7 a6 43. Rxe6+ Kh5 44. Kf3 a5 45. Ba3 a4 46. Rf6 1-0

[Event "27th Hoogeveen Open 2024"]
[Site "Hoogeveen NED"]
[Date "2024.11.01"]
[Round "8.21"]
[White "Ritzerveld, Noah"]
[Black "Goudriaan, Rafael"]
[Result "1-0"]
[WhiteTitle "FM"]
[WhiteElo "2281"]
[BlackElo "2101"]
[WhiteFideId "1085760"]
[BlackFideId "1063162"]
[EventDate "2024.10.26"]

1. e4 c6 2. d4 d5 3. Nc3 dxe4 4. Nxe4 Nf6 5. Nxf6+ exf6 6. c3 Bd6 7. Bd3 O-O 8.
Qc2 Re8+ 9. Ne2 h6 10. O-O Nd7 11. Be3 Nf8 12. c4 Bg4 13. Ng3 Qc7 14. Rfe1 Rad8
15. Qd2 Ng6 16. Rac1 Qb8 17. Kh1 b5 18. cxb5 cxb5 19. Nf5 Bxf5 20. Bxf5 Nh4 21.
Bb1 Qb7 22. f3 Ng6 23. Be4 Qe7 24. Qf2 Bb4 25. Bd2 Bxd2 26. Qxd2 Qd6 27. Red1
Ne5 28. Qe2 Nc4 29. b3 f5 30. bxc4 fxe4 31. cxb5 exf3 32. Qxf3 Qb4 33. Qc6 Re2
34. Rb1 Rxd4 35. Qc8+ Kh7 36. Qf5+ Kg8 37. Qc8+ Kh7 38. Qf5+ Kg8 39. Rdc1 Qd2
40. Rc8+ Rd8 41. Rf1 f6 42. h3 Rxc8 43. Qxc8+ Kh7 44. Qf5+ Kg8 45. a4 Rxg2 46.
Qe6+ 1-0

[Event "27th Hoogeveen Open 2024"]
[Site "Hoogeveen NED"]
[Date "2024.11.01"]
[Round "8.22"]
[White "Van Dael, Siem"]
[Black "Markuszewski, Maksymilian"]
[Result "1-0"]
[WhiteTitle "FM"]
[WhiteElo "2279"]
[BlackElo "2079"]
[WhiteFideId "1049771"]
[BlackFideId "651018306"]
[EventDate "2024.10.26"]

1. e4 c5 2. Nf3 d6 3. d4 cxd4 4. Nxd4 Nf6 5. Nc3 a6 6. Be3 e5 7. Nb3 Be7 8. f3
Be6 9. Qd2 h5 10. O-O-O Nbd7 11. Kb1 Rc8 12. f4 b5 13. Bd3 Qc7 14. h3 h4 15.
Rhe1 O-O 16. g4 hxg3 17. f5 Bc4 18. Rg1 Nh5 19. Bxc4 bxc4 20. Nd5 Qd8 21. Nc1
Ndf6 22. Nc3 Qc7 23. Qg2 Rb8 24. N1e2 d5 25. Rxd5 Ba3 26. b3 cxb3 27. axb3 Rfc8
28. Bd2 Nxd5 29. exd5 Bc5 30. Nxg3 Nxg3 31. Qxg3 Bxg1 32. f6 g6 33. Qxg1 Qd7 34.
Qe3 Qf5 35. Ne4 Qh5 36. Kb2 Qd1 37. Bc3 Qh5 38. Nd6 Rd8 39. Bxe5 Re8 40. Nxf7
Rb7 41. Nh6+ Kh7 42. Ng4 Rf7 43. c4 a5 44. c5 a4 45. bxa4 Qf5 46. c6 Ra8 47. c7
Rxa4 48. Qh6+ Kg8 49. c8=Q+ Qxc8 50. Qxg6+ Kh8 51. Qh5+ 1-0

[Event "27th Hoogeveen Open 2024"]
[Site "Hoogeveen NED"]
[Date "2024.11.01"]
[Round "8.23"]
[White "Leenes, Robert"]
[Black "Kazarjan, Gachatur"]
[Result "0-1"]
[WhiteElo "2014"]
[BlackElo "2163"]
[WhiteFideId "40108848"]
[BlackFideId "1068750"]
[EventDate "2024.10.26"]

1. d4 d5 2. Nc3 Nf6 3. Bg5 Nbd7 4. e3 e6 5. Qf3 Be7 6. O-O-O c6 7. e4 Qa5 8.
Bxf6 Bxf6 9. e5 Bg5+ 10. Kb1 O-O 11. Qg3 Bh6 12. f4 b5 13. Qe3 b4 14. Nce2 f5
15. Nf3 Nb6 16. g3 Nc4 17. Qb3 Qb6 18. Nc1 Ba6 19. Be2 Rfc8 20. Nd3 Na5 21. Qxb4
Qxb4 0-1

[Event "27th Hoogeveen Open 2024"]
[Site "Hoogeveen NED"]
[Date "2024.11.01"]
[Round "8.24"]
[White "Vaupot, Luka"]
[Black "Lardinois, Wouter"]
[Result "1/2-1/2"]
[WhiteTitle "CM"]
[WhiteElo "2140"]
[BlackElo "2025"]
[WhiteFideId "14627671"]
[BlackFideId "1039997"]
[EventDate "2024.10.26"]

1. d4 Nf6 2. c4 e6 3. g3 d5 4. Bg2 dxc4 5. Nf3 c5 6. O-O Nc6 7. Qa4 Bd7 8. Qxc4
b5 9. Qd3 c4 10. Qc2 Rc8 11. Bg5 Be7 12. Rd1 Nb4 13. Qc1 Bc6 14. Nc3 O-O 15. a3
Nbd5 16. Qc2 a5 17. Ne5 Nxc3 18. Nxc6 Rxc6 19. bxc3 Nd5 20. Bxe7 Qxe7 21. e4 Nc7
22. d5 exd5 23. exd5 Rb6 24. a4 Qf6 25. Rd4 Rc8 26. Qe2 g6 27. Qf3 Qxf3 28. Bxf3
Rd6 29. Rb1 Rb8 30. axb5 Rxb5 31. Rxb5 Nxb5 32. Rxc4 Ra6 33. Rc8+ Kg7 34. Be2
Rb6 35. Bxb5 Rxb5 36. c4 Rb1+ 37. Kg2 Rd1 38. Kf3 Kf6 39. Ke4 a4 40. Ra8 Ra1 41.
Kd4 a3 42. Kc3 Ke5 43. f4+ Ke4 44. Kb4 Kd4 45. Ra4 Rb1+ 46. Kxa3 Kc3 47. Ka2
Rb2+ 48. Ka3 Rb3+ 1/2-1/2

[Event "27th Hoogeveen Open 2024"]
[Site "Hoogeveen NED"]
[Date "2024.11.01"]
[Round "8.25"]
[White "Van Batenburg, Mees"]
[Black "Verheij, Dana"]
[Result "1-0"]
[WhiteElo "2247"]
[BlackElo "1972"]
[WhiteFideId "1078259"]
[BlackFideId "1063790"]
[EventDate "2024.10.26"]

1. d4 f5 2. Bf4 Nf6 3. e3 d6 4. Nc3 g6 5. h4 Bg7 6. h5 e6 7. hxg6 hxg6 8. Rxh8+
Bxh8 9. Qf3 Qe7 10. O-O-O Nc6 11. Qg3 Qf7 12. f3 Bd7 13. Nb5 Nh5 14. Qh2 O-O-O
15. Bxd6 e5 16. Bxc7 Qxa2 17. Bxd8 Kxd8 18. g4 fxg4 19. fxg4 Qa1+ 20. Kd2 Qxb2
21. gxh5 Bf5 22. Ke1 Nb4 23. dxe5+ Kc8 24. Qd2 Nxc2+ 25. Kf2 Nxe3 26. Rc1+ Nc2
27. Nd6+ Kb8 28. Nxf5 Qb6+ 29. Ne3 Nd4 30. Nd5 Qe6 31. Qxd4 Bxe5 32. Qc4 Qf5+
33. Nf3 gxh5 34. Ne7 1-0

[Event "27th Hoogeveen Open 2024"]
[Site "Hoogeveen NED"]
[Date "2024.11.01"]
[Round "8.26"]
[White "Ambrona Navarro, Himar"]
[Black "Hoffman, Ron"]
[Result "0-1"]
[WhiteElo "1971"]
[BlackElo "2024"]
[WhiteFideId "94740925"]
[BlackFideId "1007599"]
[EventDate "2024.10.26"]

1. d4 f5 2. c4 Nf6 3. Nc3 d6 4. g3 g6 5. Bg2 Bg7 6. Nf3 O-O 7. O-O c6 8. Re1 Ne4
9. Qb3 Qb6 10. e3 Na6 11. Nd2 Nxc3 12. bxc3 e5 13. Ba3 Rd8 14. c5+ Qxb3 15. Nxb3
dxc5 16. Nxc5 Nxc5 17. Bxc5 Be6 18. f4 e4 19. a4 b6 20. Ba3 c5 21. a5 cxd4 22.
cxd4 b5 23. a6 Bf8 24. Bxf8 Kxf8 25. Reb1 Rab8 26. Rb4 Rd6 27. Bf1 Bd7 28. Rc1
Rxa6 29. Rc7 Ke8 30. Rb1 Kd8 31. Rbc1 Ra3 32. Kf2 b4 33. R7c2 b3 34. Rb2 Ra2 35.
Rb1 Rxb2+ 36. Rxb2 Be6 37. Be2 a5 38. Bd1 a4 39. d5 Bxd5 40. Rd2 Rb5 41. Rd4 b2
42. Bc2 a3 43. Bb1 Kc7 44. Ra4 a2 0-1

[Event "27th Hoogeveen Open 2024"]
[Site "Hoogeveen NED"]
[Date "2024.11.01"]
[Round "8.27"]
[White "Den Heijer, Rolinde"]
[Black "Gerrits, Augustin"]
[Result "0-1"]
[WhiteElo "2018"]
[BlackElo "1939"]
[WhiteFideId "1068300"]
[BlackFideId "285358"]
[EventDate "2024.10.26"]

1. e4 e5 2. Nf3 Nc6 3. Bc4 Bc5 4. c3 Nf6 5. d3 d6 6. Bb3 a6 7. O-O Ba7 8. Nbd2
O-O 9. h3 h6 10. Re1 Re8 11. Nf1 Be6 12. Ng3 d5 13. exd5 Bxd5 14. Bc2 Qd6 15.
Nh4 Ne7 16. Be3 Bxe3 17. Rxe3 Rad8 18. Qd2 Nd7 19. Rae1 c5 20. Bb1 Be6 21. Ne4
Qc6 22. Rg3 Nf5 23. Nxf5 Bxf5 24. Rge3 Nb6 25. Qc2 Nd5 26. Rg3 Nf4 27. Qc1 Bxe4
28. dxe4 Re6 29. Kh2 Red6 30. Rf3 Qd7 31. Bc2 c4 32. b3 Rg6 33. Rg3 Rxg3 34.
fxg3 Nd3 35. Bxd3 cxd3 36. Qd2 Qe7 37. Re3 Qg5 38. h4 Qxe3 39. Qxe3 d2 0-1

[Event "27th Hoogeveen Open 2024"]
[Site "Hoogeveen NED"]
[Date "2024.11.01"]
[Round "8.28"]
[White "Van der Lubben, Arno"]
[Black "Vaupot, Kajetan"]
[Result "1-0"]
[WhiteElo "1997"]
[BlackElo "1870"]
[WhiteFideId "1068920"]
[BlackFideId "14641003"]
[EventDate "2024.10.26"]

1. d4 d5 2. c4 e6 3. Nc3 Nf6 4. cxd5 exd5 5. Bg5 Be7 6. e3 O-O 7. Bd3 c6 8. Qc2
h6 9. Bh4 Nbd7 10. Nge2 Re8 11. O-O b6 12. f3 c5 13. dxc5 bxc5 14. Rad1 Bb7 15.
Bb5 a6 16. Ba4 g5 17. Bf2 Rc8 18. Qf5 Kg7 19. h4 Rh8 20. hxg5 hxg5 21. Qxg5+ Kf8
22. Qf4 Nb6 23. Bh4 Nh5 24. Qe5 f6 25. Qf5 Nxa4 26. Nxa4 Bc6 27. Nb6 Qxb6 28.
Qxc8+ Kg7 29. Qe6 Qc7 30. Kf2 Kf8 31. Rh1 d4 32. exd4 cxd4 33. Rc1 d3 34. Rxc6
Bc5+ 35. Ke1 Qa5+ 36. Nc3 Nf4 37. Rc8+ Kg7 38. Qxf6+ Kh7 39. Rxh8# 1-0

[Event "27th Hoogeveen Open 2024"]
[Site "Hoogeveen NED"]
[Date "2024.11.01"]
[Round "8.29"]
[White "Gortemaker, Lucas"]
[Black "Grooten, Herman"]
[Result "0-1"]
[BlackTitle "IM"]
[WhiteElo "2073"]
[BlackElo "2216"]
[WhiteFideId "1013394"]
[BlackFideId "1000330"]
[EventDate "2024.10.26"]

1. e4 c6 2. d4 d5 3. f3 e6 4. Nc3 Bb4 5. Bd2 Ne7 6. a3 Ba5 7. Bd3 Bc7 8. Nge2 b6
9. Bf4 O-O 10. Bxc7 Qxc7 11. Ng3 c5 12. O-O Nbc6 13. dxc5 bxc5 14. f4 c4 15. Be2
Qb6+ 16. Kh1 d4 17. Na4 Qa5 18. b3 c3 19. Qd3 Bd7 20. Qb5 Rab8 21. Qxa5 Nxa5 22.
Nc5 Bb5 23. f5 exf5 24. Bxb5 Rxb5 25. Nxf5 Nec6 26. Nd3 Rbb8 27. Rf4 f6 28. Rff1
Rbd8 29. Rad1 Rfe8 30. Rfe1 g6 31. Nh4 Nb7 32. Nf3 Re7 33. Nf4 Kf7 34. Nd5 Rxe4
35. Rxe4 Rxd5 36. Kg1 Nc5 37. Rexd4 Nxd4 38. Rxd4 Ke6 39. Rc4 f5 40. Nd4+ Ke5
41. Nf3+ Kd6 42. Kf1 Ne4 43. Ke2 g5 44. Rd4 g4 45. Rxd5+ Kxd5 46. Ne1 Kd4 47.
Nd3 a5 48. a4 Nf6 49. Nf4 Ke4 50. Ne6 Nd5 51. Nc5+ Kd4 52. Nb7 f4 53. Nxa5 Nb4
54. Nc4 Nxc2 55. Nd6 Kc5 56. Ne4+ Kb4 57. a5 Kxb3 58. Nxc3 Kxc3 0-1